=LDR 00000nam 2200000 4500 =001 INLIS000000000005735 =005 20251024011811 =035 ##$$a 0010-1025000790 =007 ta =008 251024###########################0#ind## =082 ##$$a 370.72 =084 ##$$a 370.72 SUT p =100 #$$a Sutanto Priyo Hastono =245 1#$$a Penerapan Statistik Dalam Penelitian : $b - /$c Sutanto Priyo Hastono ; Universitas Indonesia =260 ##$:$b Universitas Indonesia,$c 2000 =300 ##$$a 25 hal : $b ilus ; $c 21 cm =650 #4$$a Keluarga Berencana =710 #$$a Universitas Indonesia =856 ##$$a Perpustakaan Kemendukbangga